Complete the Taylor Swift lyrics part 2 - Statistics

General Stats
  • This quiz has been taken 44 times
  • The average score is 9 of 12
Answer Stats
Hint Answer % Correct
In the middle of the night, in my ______, you should see the things we do dreams
93%
No, nothin' good starts in a _______ car getaway
88%
And this is our place, we make the _____ rules
88%
Lord, save me, my ____ is my baby drug
85%
Please don't have somebody _______ on you waiting
85%
'Cause _____ never made anybody less gay shade
75%
Do I really have to chart the constellations in his ____? eyes
73%
What if I told you none of it was _________ accidental
70%
He wanted a _____, I was making my own name bride
68%
don't wanna keep _______ just to keep you secrets
63%
But not for me, not for me, all I think about is _____ karma
58%
But with you I'd dance in a _____ storm
48%
No matching quizzes found
Score Distribution
Percent of People with Each Score
Percentile by Number Answered
Your Score History
You have not taken this quiz